[Event "Russian Championship B17 2016"]
[Site "Loo"]
[Date "2016.04.27"]
[Round "8.7"]
[White "Afanasiev, Nikita"]
[Black "Grigorjev, Iljya"]
[Result "1-0"]
[WhiteElo "2349"]
[BlackElo "2297"]
[PlyCount "137"]
[EventDate "2016.04.20"]

1. c4 Nf6 2. Nc3 d5 3. cxd5 Nxd5 4. g3 e5 5. Bg2 Ne7 6. Nf3 Nbc6 7. O-O g6 8.
d3 Bg7 9. Be3 O-O 10. Qd2 Nf5 11. Bc5 Re8 12. e3 Be6 13. Rfd1 h6 14. Qc2 a5 15.
Nb5 Qd7 16. d4 e4 17. Ne1 Bd5 18. Nc3 Nb4 19. Bxb4 axb4 20. Nxe4 b3 21. axb3
Rxa1 22. Rxa1 Qe7 23. Nc3 Bxg2 24. Nxg2 c6 25. Qd3 h5 26. h3 Qd6 27. Ne4 Qd5
28. Nd2 Qd7 29. b4 Qd6 30. b5 Qb4 31. bxc6 bxc6 32. Qc3 Qb8 33. Qxc6 Rc8 34.
Qd5 Rd8 35. Qb3 Qc7 36. Ne4 Qe7 37. Nc5 Qf6 38. Rd1 Qe7 39. Qc3 Qc7 40. b4 Qc6
41. Qc2 Qb5 42. Rb1 Rc8 43. Nf4 Qb8 44. Kg2 h4 45. g4 Nxd4 46. Qe4 Nb5 47. Nd5
Re8 48. Qf3 Qa8 49. Nd7 Rd8 50. N7f6+ Bxf6 51. Nxf6+ Kg7 52. Qxa8 Rxa8 53. g5
Rb8 54. Rd1 Nc7 55. f4 Na6 56. Kf3 Nxb4 57. Rb1 Rb6 58. Kg4 Rb5 59. Kxh4 Rb8
60. Kg4 Rb6 61. h4 Rb5 62. h5 gxh5+ 63. Nxh5+ Kf8 64. Nf6 Kg7 65. e4 Rb6 66.
Rh1 Rb5 67. Rh7+ Kf8 68. Rh8+ Ke7 69. e5 1-0

[Event "Russian Championship B17 2016"]
[Site "Loo"]
[Date "2016.04.27"]
[Round "8.8"]
[White "Gaifullin, Artur"]
[Black "Klukin, Kirill"]
[Result "1-0"]
[WhiteElo "2306"]
[BlackElo "2259"]
[PlyCount "63"]
[EventDate "2016.04.20"]

1. Nf3 Nf6 2. c4 g6 3. Nc3 Bg7 4. e4 d6 5. d4 O-O 6. Be2 Na6 7. O-O e5 8. Be3
Ng4 9. Bg5 Qe8 10. dxe5 dxe5 11. h3 f6 12. Bd2 Nh6 13. a3 Nf7 14. b4 c6 15. Be3
Qe7 16. Qc2 f5 17. c5 f4 18. Bc1 Nc7 19. Bb2 h5 20. Nb1 Ne6 21. Nbd2 Rd8 22.
Rad1 Neg5 23. Nxg5 Nxg5 24. Qb3+ Kh7 25. Bc4 a5 26. h4 Ne6 27. Nf3 Bf6 28. Nxe5
Rxd1 29. Rxd1 Nxc5 30. bxc5 Bxe5 31. Bxe5 Qxe5 32. Bg8+ 1-0

[Event "Russian Championship B17 2016"]
[Site "Loo"]
[Date "2016.04.27"]
[Round "8.9"]
[White "Galchenko, Matvey"]
[Black "Zhitnikov, Konstantin"]
[Result "1/2-1/2"]
[WhiteElo "2245"]
[BlackElo "2288"]
[PlyCount "108"]
[EventDate "2016.04.20"]

1. Nf3 Nf6 2. c4 c6 3. g3 d5 4. b3 Bf5 5. Bg2 e6 6. O-O Be7 7. Bb2 h6 8. d3 O-O
9. Nbd2 a5 10. a3 Na6 11. Re1 Nc5 12. Bc3 Qb6 13. h3 Rfd8 14. Qc2 Bh7 15. Reb1
Na6 16. Qc1 Bc5 17. Qe1 d4 18. Bxa5 Qxa5 19. b4 Qc7 20. bxc5 Nxc5 21. Nb3 Nxb3
22. Rxb3 e5 23. Qb4 Rab8 24. Nd2 b6 25. a4 c5 26. Qb5 Bf5 27. a5 bxa5 28. Qxa5
Qd6 29. Rab1 Rxb3 30. Rxb3 Rc8 31. Qa7 Nd7 32. g4 Be6 33. Ne4 Qf8 34. Rb5 Kh8
35. Ng3 g6 36. Bb7 Rc7 37. Qa1 Qb8 38. Qa6 Qd8 39. Qa5 Qb8 40. Bd5 Qa7 41. Qxa7
Rxa7 42. Bxe6 fxe6 43. Ne4 Rc7 44. Ra5 Kg7 45. Ra6 Kf7 46. Kf1 Ke7 47. Ra8 Nf6
48. Ng3 Kf7 49. Kg2 e4 50. dxe4 Nd7 51. f4 Nb6 52. Rh8 Kg7 53. Rb8 Nxc4 54. Rb1
Ne3+ 1/2-1/2

[Event "Russian Championship B17 2016"]
[Site "Loo"]
[Date "2016.04.27"]
[Round "8.10"]
[White "Ergeshov, Timur"]
[Black "Malyshev, Grigory"]
[Result "1/2-1/2"]
[WhiteElo "2209"]
[BlackElo "2315"]
[PlyCount "125"]
[EventDate "2016.04.20"]

1. d4 Nf6 2. c4 e6 3. Nc3 Bb4 4. Qc2 c5 5. dxc5 O-O 6. a3 Bxc5 7. Bf4 b6 8. Rd1
Nc6 9. Nf3 Bb7 10. e4 Nh5 11. Bg3 Be7 12. Bd3 Rc8 13. O-O Nxg3 14. hxg3 a6 15.
g4 Qc7 16. Rfe1 Ne5 17. Nh2 Bd6 18. Bf1 Nxc4 19. Bxc4 Bxh2+ 20. Kh1 Be5 21. Bf1
b5 22. Rd3 a5 23. Qb3 Bc6 24. Nxb5 Qb6 25. Rd2 a4 26. Qe3 Qxe3 27. fxe3 Bxe4
28. Nd6 Bxd6 29. Rxd6 Bc6 30. Be2 Rb8 31. Rd2 f5 32. gxf5 Rxf5 33. Bg4 Rd5 34.
Rc2 Re5 35. Kg1 Kf8 36. Bf3 Bxf3 37. gxf3 Ke7 38. Kf2 Reb5 39. Ree2 d5 40. f4
Kd6 41. Kf3 Rc5 42. Rxc5 Kxc5 43. Rc2+ Kd6 44. Rh2 Rb3 45. Rxh7 d4 46. Ke4 dxe3
47. Rh2 Ke7 48. Ke5 Kf7 49. Rg2 Rd3 50. Re2 Rd2 51. Rxe3 Rxb2 52. Re4 Rb5+ 53.
Kd6 Ra5 54. Kc6 Kf6 55. Kb6 Ra8 56. Kb7 Rd8 57. Rxa4 Rd3 58. Ra8 Kf5 59. Ra4 g5
60. fxg5 Kxg5 61. Ra8 e5 62. a4 e4 63. Re8 1/2-1/2

[Event "Russian Championship B17 2016"]
[Site "Loo"]
[Date "2016.04.27"]
[Round "8.11"]
[White "Scherbakov, Mikhail"]
[Black "Fakhrutdinov, Timur"]
[Result "0-1"]
[WhiteElo "2139"]
[BlackElo "2290"]
[PlyCount "90"]
[EventDate "2016.04.20"]

1. e4 c5 2. Nf3 d6 3. Bb5+ Nd7 4. c3 Ngf6 5. Qe2 a6 6. Ba4 b5 7. Bc2 Bb7 8. d4
e6 9. O-O Be7 10. a4 b4 11. Rd1 cxd4 12. cxd4 Qc7 13. Bd3 O-O 14. Nbd2 e5 15.
b3 exd4 16. Bb2 Rfe8 17. Rac1 Nc5 18. Bxd4 Nfd7 19. Bb1 Rad8 20. Qc4 a5 21. Qc2
g6 22. h4 Qb8 23. Re1 Ne6 24. Ba1 Bf6 25. Bxf6 Nxf6 26. Nc4 Nxe4 27. Nxa5 Nc3
28. Nxb7 Qxb7 29. Qd2 d5 30. h5 d4 31. hxg6 hxg6 32. Ne5 Kg7 33. Ng4 Rh8 34.
Rxe6 fxe6 35. Qg5 Qf7 36. Qe5+ Kg8 37. Nf6+ Kf8 38. Bd3 Qg7 39. Qc5+ Qe7 40.
Qe5 Kf7 41. Ng4 Rh5 42. Qf4+ Kg7 43. Re1 Qh4 44. Qc7+ Kh8 45. Nh2 e5 0-1

[Event "Russian Championship B17 2016"]
[Site "Loo"]
[Date "2016.04.27"]
[Round "8.12"]
[White "Obgolts, Erik"]
[Black "Sin, Denis"]
[Result "1/2-1/2"]
[WhiteElo "2172"]
[BlackElo "2298"]
[PlyCount "110"]
[EventDate "2016.04.20"]

1. d4 Nf6 2. c4 c5 3. d5 e6 4. Nc3 exd5 5. cxd5 d6 6. Nf3 g6 7. Bf4 Bg7 8. h3
O-O 9. e3 Na6 10. Be2 Nc7 11. O-O Rb8 12. a4 b6 13. e4 Re8 14. Bd3 a6 15. Re1
b5 16. axb5 axb5 17. e5 Nfxd5 18. Bg5 Qd7 19. Nxd5 Nxd5 20. Be4 Nb6 21. Qxd6
Qxd6 22. exd6 Bxb2 23. Bc6 Rxe1+ 24. Rxe1 Bd7 25. Bxd7 Nxd7 26. Re7 Rd8 27. Nd2
Bf6 28. Ne4 Bg7 29. Kf1 c4 30. Ke2 b4 31. Nd2 h6 32. Bh4 g5 33. Bg3 c3 34. Nb3
Nf6 35. Rb7 Ne4 36. d7 f5 37. Bb8 Kf7 38. f3 Nf6 39. Nc5 Nd5 40. Bd6 Bd4 41.
Nb3 Bf6 42. Nc5 Be7 43. Rb8 Rxb8 44. Bxb8 Bd8 45. Bd6 b3 46. Nxb3 Ke6 47. Bf8
Kxd7 48. Bxh6 Nf4+ 49. Kf1 Ne6 50. Ke2 Bf6 51. g3 Kc6 52. Kd3 Kb5 53. f4 gxf4
54. Bxf4 Ka4 55. Nc1 Kb5 1/2-1/2

[Event "Russian Championship B17 2016"]
[Site "Loo"]
[Date "2016.04.27"]
[Round "8.13"]
[White "Trubchaninov, Timur"]
[Black "Gunchenko, Vadim"]
[Result "1-0"]
[WhiteElo "2194"]
[BlackElo "2263"]
[PlyCount "93"]
[EventDate "2016.04.20"]

1. e4 c5 2. Nf3 d6 3. d4 cxd4 4. Nxd4 Nf6 5. Nc3 a6 6. h3 e5 7. Nde2 h6 8. g4
Be6 9. Bg2 Be7 10. Ng3 g6 11. Be3 Nbd7 12. O-O Kf8 13. Qd2 Kg7 14. Nce2 Rc8 15.
b3 b5 16. f4 exf4 17. Nxf4 Qc7 18. Rac1 Ne5 19. Bd4 Bd7 20. Rf2 Bc6 21. Rcf1
Rcf8 22. Nd3 Nfd7 23. Qc3 Bh4 24. Kh2 a5 25. Nf4 b4 26. Qe3 Rh7 27. c3 Kg8 28.
cxb4 axb4 29. Rc2 Qb7 30. Nd5 f6 31. Ne2 Rhf7 32. Nef4 Kh7 33. Rfc1 Rc8 34. Qe2
Bb5 35. Qd2 Rxc2 36. Rxc2 Nc6 37. Ne6 Nde5 38. Nxb4 Nxd4 39. Qxd4 Re7 40. Nd5
Rd7 41. Nf8+ Kg7 42. Nxd7 Bxd7 43. Rc7 Qa6 44. Qa7 Qd3 45. Rxd7+ Nxd7 46. Qxd7+
Kh8 47. Qxd6 1-0

[Event "Russian Championship B17 2016"]
[Site "Loo"]
[Date "2016.04.27"]
[Round "8.14"]
[White "Bezotechestvo, Konstantin"]
[Black "Abramov, Nikita"]
[Result "1/2-1/2"]
[WhiteElo "2064"]
[BlackElo "2255"]
[PlyCount "81"]
[EventDate "2016.04.20"]

1. d4 Nf6 2. c4 e6 3. g3 c5 4. d5 exd5 5. cxd5 g6 6. Bg2 d6 7. Nc3 Bg7 8. Nf3
O-O 9. O-O Re8 10. Bf4 Na6 11. Nd2 Nh5 12. Be3 Rxe3 13. fxe3 Qe7 14. e4 Nc7 15.
a4 Nf6 16. Nc4 Ng4 17. e3 Ne5 18. Nxe5 Bxe5 19. Qe2 Bd7 20. Rf2 b6 21. Nb5 Nxb5
22. axb5 h5 23. Rf4 Kg7 24. Ra2 f6 25. b3 Qd8 26. Bf1 Qc8 27. Qd1 Qc7 28. Rh4
Rh8 29. Be2 Be8 30. g4 g5 31. Rxh5 Bxh5 32. gxh5 Kh6 33. Bg4 Rh7 34. Qd3 Qe7
35. h3 Qe8 36. Kg2 Rc7 37. Ra4 Qf7 38. Qc4 Qe8 39. Ra2 Qf7 40. Rf2 Qe8 41. Ra2
1/2-1/2

[Event "Russian Championship B17 2016"]
[Site "Loo"]
[Date "2016.04.27"]
[Round "8.15"]
[White "Kuznetsov, Felix"]
[Black "Bilan, Danila"]
[Result "0-1"]
[WhiteElo "2053"]
[BlackElo "2244"]
[PlyCount "88"]
[EventDate "2016.04.20"]

1. e4 c5 2. Nf3 e6 3. d4 cxd4 4. Nxd4 a6 5. Bd3 Bc5 6. Nb3 Be7 7. c4 d6 8. Nc3
Nf6 9. O-O b6 10. Be3 Bb7 11. Qe2 Nbd7 12. f4 Qc7 13. a4 Nc5 14. Nxc5 bxc5 15.
Rae1 O-O 16. Qf3 Nd7 17. Qh3 Rfe8 18. Rf3 g6 19. Rg3 Bf6 20. Rf1 Qd8 21. Rgf3
Bxc3 22. bxc3 f5 23. exf5 exf5 24. Rg3 Kh8 25. Bd2 Qf6 26. Re3 Qf7 27. g4 fxg4
28. Qh4 Rxe3 29. Bxe3 Bf3 30. h3 Re8 31. Bd2 Qf6 32. Qg3 h5 33. h4 Re6 34. Re1
Nf8 35. Rxe6 Qxe6 36. Kf2 Kg7 37. f5 gxf5 38. Bf4 Ng6 39. Bxd6 Be4 40. Be2 Qf6
41. Bxc5 f4 42. Qg1 g3+ 43. Kf1 g2+ 44. Ke1 Qxc3+ 0-1

[Event "Russian Championship B17 2016"]
[Site "Loo"]
[Date "2016.04.27"]
[Round "8.16"]
[White "Dobrocmyslov, Artem"]
[Black "Lushnikov, Sergey"]
[Result "1-0"]
[WhiteElo "2215"]
[BlackElo "1953"]
[PlyCount "78"]
[EventDate "2016.04.20"]

1. e4 e6 2. d4 d5 3. exd5 exd5 4. Nf3 Nf6 5. c4 Bb4+ 6. Bd2 Bxd2+ 7. Qxd2 O-O
8. Nc3 Nc6 9. Be2 dxc4 10. O-O Be6 11. Rad1 Bd5 12. Ne5 Re8 13. Nxd5 Nxd5 14.
Nxc6 bxc6 15. Bxc4 Qd7 16. Rc1 Rad8 17. Rfd1 Nb6 18. Bd3 g6 19. Qc2 Re6 20. Be4
Nd5 21. a3 a5 22. g3 h5 23. Bg2 h4 24. Qd2 a4 25. Rc5 Rde8 26. Bh3 f5 27. Qa5
Qh7 28. Bg2 Qh5 29. Rdc1 Qe2 30. Rxc6 Rxc6 31. Bxd5+ Rce6 32. Re1 Qxb2 33.
Bxe6+ Kh7 34. Qxc7+ Kh6 35. Qf4+ g5 36. Qe5 Qd2 37. Qf6+ Kh5 38. g4+ Kxg4 39.
Qxf5+ Kh5 1-0

[Event "Russian Championship B17 2016"]
[Site "Loo"]
[Date "2016.04.27"]
[Round "8.17"]
[White "Saidov, Bilukhadzh"]
[Black "Yashmetov, Mikhail"]
[Result "0-1"]
[WhiteElo "2027"]
[BlackElo "2212"]
[PlyCount "96"]
[EventDate "2016.04.20"]

1. d4 Nf6 2. Nf3 g6 3. Bf4 Bg7 4. e3 d6 5. Be2 O-O 6. h3 c5 7. c3 Qb6 8. Qc1
Nc6 9. Nbd2 cxd4 10. exd4 Re8 11. O-O Nd5 12. Bh2 e5 13. dxe5 dxe5 14. Nc4 Qc7
15. Rd1 Nf4 16. Bf1 Bh6 17. Kh1 f6 18. Nd6 Rd8 19. Bc4+ Kg7 20. Nf7 Rxd1+ 21.
Qxd1 Na5 22. Nxh6 Nxc4 23. Ng4 Nxb2 24. Qc2 Nbd3 25. Ne3 Qc6 26. Rd1 Be6 27.
Kg1 Qxc3 28. Qd2 Qxd2 29. Rxd2 Nb4 30. a3 Nc6 31. Rb2 b6 32. Rc2 Rc8 33. Kf1
Nd5 34. Nxd5 Bxd5 35. Rd2 Rd8 36. Rc2 Rd7 37. Nd2 Nd4 38. Rc1 g5 39. f3 b5 40.
Rc5 a6 41. Bg1 Ne6 42. Rc1 h5 43. Kf2 Kg6 44. Bh2 g4 45. hxg4 hxg4 46. Bg3 gxf3
47. gxf3 Bb7 48. Nb3 f5 0-1

[Event "Russian Championship B17 2016"]
[Site "Loo"]
[Date "2016.04.27"]
[Round "8.18"]
[White "Mesnyankin, Nikita"]
[Black "Bubnov, Kirill"]
[Result "1-0"]
[WhiteElo "2205"]
[BlackElo "2159"]
[PlyCount "37"]
[EventDate "2016.04.20"]

1. e4 e6 2. d4 d5 3. Nc3 Bb4 4. e5 c5 5. a3 Bxc3+ 6. bxc3 Qa5 7. Bd2 Qa4 8. Qb1
c4 9. h4 Nc6 10. h5 h6 11. Nf3 Nge7 12. g3 Bd7 13. Bh3 O-O-O 14. O-O Rdf8 15.
Qc1 f6 16. exf6 Rxf6 17. Bf4 Rhf8 18. Ne5 Nxe5 19. Bxe5 1-0

[Event "Russian Championship B17 2016"]
[Site "Loo"]
[Date "2016.04.27"]
[Round "8.19"]
[White "Chilingaryan, Pavel"]
[Black "Klimentov, Evgeny"]
[Result "0-1"]
[WhiteElo "2125"]
[BlackElo "2274"]
[PlyCount "150"]
[EventDate "2016.04.20"]

1. Nf3 Nf6 2. g3 g6 3. Bg2 Bg7 4. O-O d6 5. d4 O-O 6. c4 Nc6 7. Nc3 a6 8. Bf4
Rb8 9. Rc1 b5 10. Nd5 bxc4 11. Nxf6+ Bxf6 12. Rxc4 Bd7 13. b3 Bg7 14. Qd2 Na7
15. Rfc1 c6 16. e4 Nb5 17. e5 d5 18. R4c2 Nc7 19. e6 Nxe6 20. Bxb8 Qxb8 21. Re1
Qa7 22. Rd1 Rb8 23. Bh3 f5 24. Bf1 a5 25. Kg2 Rb4 26. Qe3 Kf8 27. Rcd2 c5 28.
dxc5 d4 29. Qe1 Qxc5 30. Bc4 Rxc4 31. bxc4 Qxc4 32. Ng1 Qd5+ 33. f3 g5 34. h3
Bc6 35. Rf2 h5 36. Rc1 h4 37. Rxc6 Qxc6 38. Qxa5 f4 39. g4 Qd6 40. Qf5+ Bf6 41.
Rd2 Nc5 42. Ne2 Ke8 43. Nc1 e5 44. Nd3 Nd7 45. Rc2 Kd8 46. Qg6 Qe6 47. Nf2 Qa6
48. Qg8+ Ke7 49. Qc4 Qxc4 50. Rxc4 Nb6 51. Rc1 Nd5 52. a4 Kd7 53. Ne4 Bd8 54.
Kf2 Bb6 55. Ke2 Nb4 56. Nf2 Kd6 57. Rb1 Ba5 58. Nd3 Nd5 59. Rb8 Nc3+ 60. Kf1
Kd5 61. Rg8 e4 62. fxe4+ Nxe4 63. Rf8 Kc4 64. Ne5+ Kc3 65. Ke2 d3+ 66. Nxd3
Ng3+ 67. Kf3 Kxd3 68. Rg8 Ne4 69. Rg7 Nd2+ 70. Kf2 Bb6+ 71. Ke1 f3 72. Rd7+ Ke3
73. Re7+ Ne4 74. Kf1 Kf4 75. Rf7+ Kg3 0-1

[Event "Russian Championship B17 2016"]
[Site "Loo"]
[Date "2016.04.27"]
[Round "8.20"]
[White "Gagarin, Sergey"]
[Black "Komov, Roman"]
[Result "0-1"]
[WhiteElo "1997"]
[BlackElo "2258"]
[PlyCount "80"]
[EventDate "2016.04.20"]

1. e4 c6 2. d4 g6 3. Nc3 d5 4. Be3 Bg7 5. Qd2 dxe4 6. Nxe4 Nd7 7. Bc4 Ngf6 8.
Nxf6+ Nxf6 9. f3 Nd5 10. Bxd5 Qxd5 11. Ne2 Bf5 12. Nc3 Qc4 13. O-O-O Rd8 14.
Kb1 O-O 15. g4 Be6 16. Qe2 c5 17. Qxc4 Bxc4 18. dxc5 Bxc3 19. bxc3 Be2 20. Rxd8
Rxd8 21. Bd4 Bxf3 22. Re1 Kf8 23. g5 a6 24. Re3 Bg4 25. Kb2 Rd5 26. h4 Bd7 27.
Re5 Bc6 28. Kc1 Ke8 29. Kd2 Rxe5 30. Bxe5 Kd7 31. Kd3 Ke6 32. Bg3 Kf5 33. Kd4
f6 34. gxf6 exf6 35. Bd6 Kg4 36. Be7 Kxh4 37. Bxf6+ Kg3 38. Bg5 h5 39. Ke3 h4
40. Bf4+ Kg2 0-1

[Event "Russian Championship B17 2016"]
[Site "Loo"]
[Date "2016.04.27"]
[Round "8.21"]
[White "Selivanov, Ivan"]
[Black "Dubinin, Alexsandr"]
[Result "0-1"]
[WhiteElo "2194"]
[BlackElo "2080"]
[PlyCount "80"]
[EventDate "2016.04.20"]

1. e4 c5 2. Nf3 Nc6 3. Nc3 d6 4. d4 cxd4 5. Nxd4 Nf6 6. Bg5 Bd7 7. Qd2 h6 8.
Bxf6 gxf6 9. O-O-O Nxd4 10. Qxd4 Qa5 11. f4 Rc8 12. Kb1 Bg7 13. f5 Qc5 14. Qd3
h5 15. Be2 h4 16. g3 Bh6 17. Nd5 Bg5 18. Rhf1 Ba4 19. b3 Bd7 20. c3 b5 21. Rf3
a5 22. gxh4 Rxh4 23. Rh3 e6 24. Rxh4 Bxh4 25. fxe6 fxe6 26. Qh3 exd5 27. Qxh4
Qxc3 28. Qh8+ Ke7 29. Qh7+ Kd8 30. exd5 a4 31. Qd3 Bf5 32. Qxf5 axb3 33. a3
Qc2+ 34. Qxc2 bxc2+ 35. Kc1 cxd1=Q+ 36. Kxd1 Rc5 37. Bf3 Rc3 38. Be2 Rxa3 39.
Bxb5 Rh3 40. Ke2 Kc7 0-1

[Event "Russian Championship B17 2016"]
[Site "Loo"]
[Date "2016.04.27"]
[Round "8.23"]
[White "Tkhamokov, Amir"]
[Black "Radzhabov, Rodion"]
[Result "0-1"]
[WhiteElo "1844"]
[BlackElo "2172"]
[PlyCount "96"]
[EventDate "2016.04.20"]

1. e4 d6 2. d4 Nf6 3. Nc3 e5 4. dxe5 dxe5 5. Qxd8+ Kxd8 6. Bg5 Be6 7. O-O-O+
Nbd7 8. Nf3 Kc8 9. h3 a6 10. Be3 b5 11. Ng5 Bd6 12. Be2 h6 13. Nxe6 fxe6 14. f3
Nh5 15. a4 Ng3 16. Rhe1 Nxe2+ 17. Rxe2 Rb8 18. axb5 axb5 19. Kd2 b4 20. Nb1 Ra8
21. Ke1 Ra6 22. Nd2 Rc6 23. Nb3 Ra6 24. Red2 Kb7 25. f4 exf4 26. Bxf4 e5 27.
Bh2 Ra2 28. c4 bxc3 29. bxc3 Rha8 30. Rb1 Kc6 31. Bg1 Nf6 32. Rxa2 Rxa2 33. Nd2
Ra4 34. Rb8 Nxe4 35. Nxe4 Rxe4+ 36. Kd2 Ra4 37. Rb2 Kd5 38. Be3 Kc4 39. g3 Ra3
40. Rc2 c5 41. Bf2 Bc7 42. Be1 Ba5 43. Ke3 Bxc3 44. Ke4 Kb4 45. Rxc3 Rxc3 46.
Kxe5 Kb3 47. Bxc3 Kxc3 48. Kf5 Kd4 0-1

[Event "Russian Championship B17 2016"]
[Site "Loo"]
[Date "2016.04.27"]
[Round "8.24"]
[White "Neznanov, Aleksandr"]
[Black "Shandrygin, Nikita"]
[Result "0-1"]
[WhiteElo "2085"]
[BlackElo "2334"]
[PlyCount "96"]
[EventDate "2016.04.20"]

1. c4 Nf6 2. Nc3 d5 3. cxd5 Nxd5 4. g3 g6 5. Bg2 Nb6 6. Nf3 Bg7 7. O-O Nc6 8.
d3 O-O 9. Be3 e5 10. Qd2 Re8 11. Rac1 Nd4 12. Bh6 Bh8 13. Nxd4 exd4 14. Ne4 c6
15. Bg5 f6 16. Bh6 Be6 17. Nc5 Qe7 18. Qb4 Rad8 19. a4 Bc8 20. a5 Nd5 21. Qb3
Qf7 22. Rfe1 g5 23. h4 gxh4 24. gxh4 Bg7 25. Bd2 Bf8 26. Ne4 Be6 27. Qa4 Qg6
28. Ng3 Qg4 29. e4 Nf4 30. Bxf4 Qxf4 31. h5 Bd6 32. Qxd4 Qh4 33. Qc3 Be5 34.
Qc2 Kh8 35. Rcd1 Rg8 36. d4 Bxd4 37. Kf1 Qh2 38. Rd3 c5 39. Red1 Bd7 40. Qb3
Bh3 41. Rxd4 Qxg2+ 42. Ke1 Qg1+ 43. Ke2 Bg4+ 44. Ke3 cxd4+ 45. Rxd4 Qe1+ 46.
Kd3 Rxd4+ 47. Kxd4 Re8 48. Kc5 Qxa5+ 0-1

[Event "Russian Championship B17 2016"]
[Site "Loo"]
[Date "2016.04.27"]
[Round "8.25"]
[White "Galiullin, Mikhail"]
[Black "Piskun, Denis"]
[Result "1-0"]
[WhiteElo "2164"]
[BlackElo "1689"]
[PlyCount "49"]
[EventDate "2016.04.20"]

1. e4 e5 2. Nf3 Nc6 3. d4 exd4 4. Bc4 Nf6 5. O-O Nxe4 6. Re1 d5 7. Bxd5 Qxd5 8.
Nc3 Qd8 9. Nxe4 Be7 10. Bg5 O-O 11. Bxe7 Qxe7 12. Nxd4 Nxd4 13. Qxd4 Rd8 14.
Qc3 b6 15. Re3 c5 16. Rae1 Bb7 17. Ng3 Qf8 18. Nf5 Rd7 19. Nxg7 Qxg7 20. Rg3
Rd4 21. Rxg7+ Kxg7 22. Qg3+ Kf6 23. h4 h6 24. Qe5+ Kg6 25. Re3 1-0

[Event "Russian Championship B17 2016"]
[Site "Loo"]
[Date "2016.04.27"]
[Round "8.26"]
[White "Pryalukhin, Danila"]
[Black "Isayev, Maksym"]
[Result "0-1"]
[WhiteElo "2011"]
[BlackElo "2059"]
[PlyCount "96"]
[EventDate "2016.04.20"]

1. e4 c5 2. Nf3 d6 3. d4 cxd4 4. Nxd4 Nf6 5. Nc3 Nc6 6. Bc4 Qb6 7. Nb3 e6 8.
Be3 Qc7 9. Qe2 Be7 10. O-O-O a6 11. Nd4 O-O 12. h3 b5 13. Bb3 Na5 14. Bg5 Nxb3+
15. axb3 b4 16. Nb1 Bb7 17. f3 Rfc8 18. g4 a5 19. h4 a4 20. bxa4 Rxa4 21. h5
Ra5 22. Be3 Ba6 23. Qg2 Nd7 24. g5 Nf8 25. Rd2 Bc4 26. b3 Ba6 27. g6 fxg6 28.
hxg6 h6 29. Qh3 Bf6 30. Nxe6 Qe7 31. Nd4 Qe5 32. Qf5 Qxf5 33. Nxf5 Nxg6 34.
Rxd6 Ra2 35. Nxh6+ Kf8 36. Rg1 Rcxc2+ 37. Kd1 Be2+ 38. Ke1 Ne5 39. Rxf6+ gxf6
40. Rg8+ Ke7 41. Nf5+ Kf7 42. Rg7+ Kf8 43. Nd2 Bxf3 44. Kf1 Rxd2 45. Bc5+ Ke8
46. Re7+ Kd8 47. Bb6+ Kc8 48. Nd6+ Rxd6 0-1

[Event "Russian Championship B17 2016"]
[Site "Loo"]
[Date "2016.04.27"]
[Round "8.27"]
[White "Akhtemov, Mustafa"]
[Black "Volobuev, Vladimir"]
[Result "1-0"]
[WhiteElo "1880"]
[BlackElo "2062"]
[PlyCount "118"]
[EventDate "2016.04.20"]

1. Nf3 Nf6 2. d4 d5 3. e3 Bg4 4. c4 c6 5. Nc3 e6 6. Qb3 Qc7 7. Ne5 Bf5 8. Bd3
Bxd3 9. Nxd3 Nbd7 10. cxd5 exd5 11. Bd2 Bd6 12. f4 O-O 13. Rc1 Qb8 14. O-O Nb6
15. Ne5 Bxe5 16. fxe5 Ng4 17. Qd1 f5 18. b3 Qd8 19. h3 Nh6 20. Qh5 Nc8 21. Ne2
a5 22. Be1 Ne7 23. Bh4 Qd7 24. Nf4 Qe8 25. Qg5 Ng6 26. Nxg6 hxg6 27. a3 Kh7 28.
Rc5 Nf7 29. Qe7 Qxe7 30. Bxe7 Rfe8 31. Bh4 Nd8 32. Bxd8 Rexd8 33. g4 Rf8 34. g5
Kg8 35. Kg2 Kf7 36. Kg3 Rh8 37. Rf2 Ke6 38. Rf4 Rh5 39. h4 Rhh8 40. Rf2 Ra6 41.
Rc3 Rb6 42. Rb2 Ra8 43. b4 axb4 44. axb4 Rb5 45. Rc5 Rb6 46. b5 Ra1 47. Rb4 Ra5
48. bxc6 Rxb4 49. Rxa5 bxc6 50. Ra6 Rc4 51. Kf3 Rc2 52. Ra7 c5 53. Rxg7 cxd4
54. exd4 Rc3+ 55. Kf4 Rd3 56. Rxg6+ Ke7 57. Kxf5 Rxd4 58. h5 Rd1 59. Rd6 Kf7
1-0

[Event "Russian Championship B17 2016"]
[Site "Loo"]
[Date "2016.04.27"]
[Round "8.29"]
[White "Mukuk, Osman"]
[Black "Shoshin, Boris"]
[Result "1-0"]
[WhiteElo "1712"]
[BlackElo "2055"]
[PlyCount "87"]
[EventDate "2016.04.20"]

1. e4 c5 2. Nf3 e6 3. d4 cxd4 4. Nxd4 Nf6 5. Bd3 Nc6 6. Nb3 Be7 7. Nc3 O-O 8.
O-O d5 9. exd5 exd5 10. Bf4 d4 11. Nb5 Nd5 12. Bg3 f5 13. h3 f4 14. Bh2 Kh8 15.
N5xd4 Ne5 16. Bxh7 g6 17. Re1 Bf6 18. Rxe5 Bxe5 19. Bxg6 Nf6 20. c3 Bxh3 21.
Qf3 Bg4 22. Qxb7 Rg8 23. Bf5 Rb8 24. Qxa7 Bxf5 25. Nxf5 Qd5 26. f3 Qxf3 27. Qf2
Qh5 28. Qh4 Bc7 29. Qxf6+ Kh7 30. Qe7+ Kh8 31. Qh4 Qxh4 32. Nxh4 Rg4 33. Nf3
Rbg8 34. Kf1 Bb6 35. Ke1 Rxg2 36. Bg1 Bxg1 37. Nbd4 Rb8 38. Rb1 Ra8 39. a3 Ra4
40. Rd1 Kg7 41. Kf1 Rg6 42. Nxg1 Ra8 43. Ngf3 Kf6 44. Kf2 1-0

[Event "Russian Championship B19 2016"]
[Site "Loo"]
[Date "2016.04.27"]
[Round "8.1"]
[White "Kozionov, Kirill"]
[Black "Anikonov, Dmitry"]
[Result "1/2-1/2"]
[WhiteElo "2423"]
[BlackElo "2387"]
[PlyCount "60"]
[EventDate "2016.04.20"]

1. e4 e6 2. d4 d5 3. exd5 exd5 4. Nf3 Nc6 5. Bb5 Bd6 6. c4 dxc4 7. O-O Nge7 8.
Bf4 O-O 9. h3 Nb4 10. Nc3 c6 11. Bg5 h6 12. Bxe7 Bxe7 13. Ne5 Bd6 14. a3 Bxe5
15. dxe5 Na6 16. Qxd8 Rxd8 17. Rfd1 Bf5 18. Bxa6 bxa6 19. b4 g5 20. Rd6 Rxd6
21. exd6 Rd8 22. Rd1 Kg7 23. g4 Be6 24. Kg2 Kf6 25. Kg3 Ke5 26. h4 Rxd6 27.
Re1+ Kd4 28. Rd1+ Ke5 29. Re1+ Kd4 30. Rd1+ Ke5 1/2-1/2

[Event "Russian Championship B19 2016"]
[Site "Loo"]
[Date "2016.04.27"]
[Round "8.2"]
[White "Khanin, Semen"]
[Black "Vavulin, Maksim"]
[Result "0-1"]
[WhiteElo "2396"]
[BlackElo "2474"]
[PlyCount "68"]
[EventDate "2016.04.20"]

1. e4 e5 2. Nf3 Nc6 3. Bb5 a6 4. Ba4 d6 5. c3 Bd7 6. O-O g6 7. d4 Bg7 8. dxe5
dxe5 9. Nbd2 Qe7 10. Bc2 Nf6 11. a4 O-O 12. b3 Rfd8 13. Qe2 Nh5 14. g3 Bh3 15.
Re1 Nf4 16. gxf4 exf4 17. e5 Nxe5 18. Be4 Bg4 19. Qf1 c6 20. Nxe5 Qxe5 21. Ra2
Re8 22. f3 Bh5 23. Nc4 Qxc3 24. Bd2 Qf6 25. a5 Re6 26. Bb4 Rae8 27. Rae2 Qg5+
28. Qg2 Qb5 29. Bd2 Qxb3 30. Nb6 Bd4+ 31. Kf1 Rxe4 32. Rxe4 Rxe4 33. Rxe4 Bxf3
34. Rxd4 Qd1+ 0-1

[Event "Russian Championship B19 2016"]
[Site "Loo"]
[Date "2016.04.27"]
[Round "8.3"]
[White "Kuzmin, Egor"]
[Black "Timerkhanov, Alexander"]
[Result "1-0"]
[WhiteElo "2242"]
[BlackElo "2260"]
[PlyCount "71"]
[EventDate "2016.04.20"]

1. e4 c5 2. Nf3 d6 3. d4 cxd4 4. Nxd4 Nf6 5. Nc3 a6 6. Be3 e5 7. Nf3 Be7 8. Bc4
Qc7 9. Bb3 O-O 10. O-O Be6 11. Bg5 Nbd7 12. Bxf6 Nxf6 13. Qd3 b5 14. Bxe6 fxe6
15. Ng5 Qd7 16. Qh3 Rfc8 17. Nxe6 b4 18. Nd5 Nxd5 19. exd5 Bf6 20. Qf5 Rc4 21.
b3 Rc3 22. a3 bxa3 23. Rxa3 Qb5 24. Qe4 Rac8 25. Ra2 a5 26. g3 Qb4 27. Re1 Rxc2
28. Rxc2 Rxc2 29. Qxc2 Qxe1+ 30. Kg2 Be7 31. h4 Qb4 32. h5 Qb8 33. Qc6 Kf7 34.
Qd7 Qxb3 35. Ng5+ Kf6 36. Ne4+ 1-0